000 01072cam a22003257a 4500
003 CHAP
005 20220817041642.0
008 971013s1980 r 00010 d
010 _a20734
011 _a21706
035 _a25797
040 _cCHAP
082 _a335.4
_bC47Y
100 0 0 _aCerroni, Humberto.
_921539
245 1 3 _aEl pensamiento de Marx
260 _aBarcelona :
_bSerbal,
_c1980
300 _a376 p.
590 _aBATCH-UPD
_b10
_c20130110
_lUCH01
_h0009
590 _aBATCH-UPD
_b10
_c20130110
_lUCH01
_h1012
590 _aBATCH-UPD
_b10
_c20130410
_lUCH01
_h0620
590 _aBATCH-UPD
_b10
_c20130914
_lUCH01
_h0916
590 _aCONVERSION
_b10
_c20130109
_lUCH01
_h1312
650 1 4 _aMarxismo.
_972728
650 1 4 _aMaterialismo dialéctico.
901 _aBK
942 _cLIBRO
949 _a335.4 C47Y
_bBC
_cLIBRO
_d33724000359147
_eLIBRO
_gI.125255
_h64523
_i25797
_si
949 _a335.4 C47Y
_bBC
_cLIBRO
_d33724000359154
_eLIBRO
_fc.3
_gI.125255
_h64525
_i25797
_si
949 _a335.4 C47Y
_bBC
_cLIBRO
_d33724000609673
_eLIBRO
_fc.2
_gI.125255
_h64524
_i25797
_si
999 _c20734
_d20734